000
00271nam a22001217a 4500
041
_a
ENG
100
_a
Lakshminarayanan.K.R
245
_a
Engish For Technical Communcation
260
_a
new Delhi
_b
Scitech pub
_c
2001
300
_a
288
650
_a
GAE
856
_u
GAE
999
_c
2612
_d
2612